| 000 | 00664cam a22002173a 4500 | ||
|---|---|---|---|
| 001 | 41581 | ||
| 003 | PGUSA | ||
| 005 | 20140828083935.0 | ||
| 008 | 121208s2012||||xxu|||||s|||||000 | eng d | ||
| 040 |
_aPGUSA _beng |
||
| 042 | _adc | ||
| 100 | 1 | _aSharber, Kate Trimble | |
| 245 | 1 | 0 |
_aAmazing Grace : _bWho Proves that Virtue Has Its Silver Lining _h[electronic resource] / _cKate Trimble Sharber |
| 260 |
_bProject Gutenberg, _c2012 |
||
| 506 | _aPublic domain in the USA. | ||
| 516 | _aElectronic text | ||
| 700 | 1 |
_aCrosby, Raymond Moreau, _d1876-1945 |
|
| 830 | 0 |
_aProject Gutenberg _v41581 |
|
| 856 | 4 | 0 | _uhttp://www.gutenberg.org/ebooks/41581 |
| 942 | _cEB | ||
| 999 |
_c270833 _d270833 |
||